| 000 | 00554cam a2200145 4500500 | ||
|---|---|---|---|
| 005 | 20251228090956.0 | ||
| 041 | _afre | ||
| 042 | _adc | ||
| 100 | 1 | 0 |
_aFaguer, Nicolas _eauthor |
| 245 | 0 | 0 | _a« Rester l’enfant qu’on a été ». L’esprit d’enfance dans les Mystères de Péguy |
| 260 | _c2021. | ||
| 500 | _a96 | ||
| 786 | 0 | _nBulletin de l’Amitié Charles Péguy | 176 | 4 | 2021-05-05 | p. 331-342 | 0180-8567 | |
| 856 | 4 | 1 | _uhttps://shs.cairn.info/revue-bulletin-de-lamitie-charles-peguy-2021-4-page-331?lang=fr&redirect-ssocas=7080 |
| 999 |
_c1602945 _d1602945 |
||